EG Offices Q1 (Record no. 76432)
[ view plain ]
| 000 -LEADER | |
|---|---|
| fixed length control field | 00793cab a2200193 4500 |
| 001 - CONTROL NUMBER | |
| control field | ##L132423 |
| 008 - FIXED-LENGTH DATA ELEMENTS--GENERAL INFORMATION | |
| fixed length control field | 060206n2006 000 0 eng u |
| 035 ## - SYSTEM CONTROL NUMBER | |
| System control number | (Sirsi) u132423 |
| 100 1# - MAIN ENTRY--PERSONAL NAME | |
| Personal name | Kivlehan, Noella Pio |
| 245 00 - TITLE STATEMENT | |
| Title | EG Offices Q1 |
| 260 ## - PUBLICATION, DISTRIBUTION, ETC. | |
| Date of publication, distribution, etc. | 2006 |
| 490 #0 - SERIES STATEMENT | |
| Series statement | Estates Gazette |
| Volume/sequential designation | (0604) 28 January 2006, 121-139(15) |
| 520 ## - SUMMARY, ETC. | |
| Summary, etc. | Provides a first quarter 2006 commentary on the UK office market. Reports on speculative development, investment in science parks and company relocation and profiles Julian Barwick, joint managing director of Development Securities and Manish Chande, chief executive of Mountgrange Capital. |
| 590 ## - LOCAL NOTE (RLIN) | |
| Local note | IKA140206 |
| 690 ## - LOCAL SUBJECT ADDED ENTRY--TOPICAL TERM (OCLC, RLIN) | |
| Topical term or geographic name as entry element | PROPERTY-COMMERCIAL PROPERTY-OFFICE PROPERTY |
| 700 1# - ADDED ENTRY--PERSONAL NAME | |
| Personal name | Harris, David |
| 700 1# - ADDED ENTRY--PERSONAL NAME | |
| Personal name | Batham, Matthew |
| 942 ## - ADDED ENTRY ELEMENTS (KOHA) | |
| Suppress in OPAC | 0 |
| Withdrawn status | Lost status | Source of classification or shelving scheme | Damaged status | Not for loan | Home library | Current library | Shelving location | Date acquired | Total Checkouts | Full call number | Barcode | Date last seen | Copy number | Price effective from | Koha item type |
|---|---|---|---|---|---|---|---|---|---|---|---|---|---|---|---|
| Dewey Decimal Classification | London | London | Journal article | 06/02/2006 | L132423 | 132423-1001 | 06/08/2019 | 1 | 06/08/2019 | Journal article |